Inorganic Chemistry / (Record no. 23247)
[ view plain ]
| 000 -LEADER | |
|---|---|
| fixed length control field | 00587nam a2200217Ia 4500 |
| 001 - CONTROL NUMBER | |
| control field | 23265 |
| 008 - FIXED-LENGTH DATA ELEMENTS--GENERAL INFORMATION | |
| fixed length control field | 140602s2004 ii g b000 u 465 u |
| 082 ## - DEWEY DECIMAL CLASSIFICATION NUMBER | |
| Classification number | 546 |
| 100 ## - MAIN ENTRY--PERSONAL NAME | |
| Personal name | Sharpe, Alan G. . |
| 245 #0 - TITLE STATEMENT | |
| Title | Inorganic Chemistry / |
| Statement of responsibility, etc. | Alan G. Sharpe. |
| Medium | Textual Documents |
| 250 ## - EDITION STATEMENT | |
| Edition statement | 3rd ed. / |
| 260 ## - PUBLICATION, DISTRIBUTION, ETC. | |
| Place of publication, distribution, etc. | Delhi : |
| Name of publisher, distributor, etc. | Pearson Education , |
| Date of publication, distribution, etc. | 2004. |
| 300 ## - PHYSICAL DESCRIPTION | |
| Extent | 702p. ; |
| Dimensions | 25cm. |
| 500 ## - GENERAL NOTE | |
| General note | 756/Che Shifted from PG Section |
| 653 ## - INDEX TERM--UNCONTROLLED | |
| Uncontrolled term | Chemistry-Inorganic |
| 653 ## - INDEX TERM--UNCONTROLLED | |
| Uncontrolled term | Inorganic Chemistry |
| 653 ## - INDEX TERM--UNCONTROLLED | |
| Uncontrolled term | PG-Chemistry |
| 653 ## - INDEX TERM--UNCONTROLLED | |
| Uncontrolled term | G- Chemistry |
| 653 ## - INDEX TERM--UNCONTROLLED | |
| Uncontrolled term | G-Che |
| 942 ## - ADDED ENTRY ELEMENTS (KOHA) | |
| Source of classification or shelving scheme | Dewey Decimal Classification |
| Koha item type | Books |
| Withdrawn status | Lost status | Damaged status | Not for loan | Home library | Current library | Date acquired | Coded location qualifier | Total checkouts | Full call number | Barcode | Date last seen | Copy number | Price effective from | Koha item type | Collection | Shelving location | Source of acquisition | Public note |
|---|---|---|---|---|---|---|---|---|---|---|---|---|---|---|---|---|---|---|
| Dr. Suryya Kumar Bhuyan Library | Dr. Suryya Kumar Bhuyan Library | 01/02/2012 | 00000 | 546 Sh 24 In | 90746 | 14/01/2024 | 2 | 01/02/2012 | Books | |||||||||
| Dr. Suryya Kumar Bhuyan Library | Dr. Suryya Kumar Bhuyan Library | 01/02/2012 | 00000 | 546 Sh 24 In | 756/Che | 14/01/2024 | 1 | 01/02/2012 | Books | 20 | 20 |
